La sitometrie dans les archives de Zenon /

محفوظ في:

المؤلف الرئيسي: Reekmans, T. (مؤلف)

التنسيق: كتاب

اللغة: French

منشور في: Bruxelles : Fondation épygtologique Reine Elisabeth, 1966.

سلاسل: Papyrologica Bruxellensia ; 3.
PapBrux ; 3.

الموضوعات:

الوسوم: إضافة وسم

لا توجد وسوم, كن أول من يضع وسما على هذه التسجيلة!

رقم الطلب: PA3339 .P2 v.3

LEADER 01043nam a22003137a 4500
003 OSt
005 20251006083411.0
008 251006t1966 be j b 000 0 fre d
010 |a 67114587 
040 |c ARCE Library 
043 |a f-ua--- 
050 1 4 |a PA3339  |b .P2 v.3 
100 1 |a Reekmans, T.,  |e author  |9 38280 
245 1 3 |a La sitometrie dans les archives de Zenon /   |c Tony Reekmans. 
264 1 |a Bruxelles :   |b Fondation épygtologique Reine Elisabeth,   |c 1966. 
300 |a 108 pages :  |b tables ;  |c 24 cm. 
490 1 |a Papyrologica Bruxellensia ;   |v 3. 
490 1 |a PapBrux ;   |v 3. 
504 |a Bibliography : page 8. 
555 |a wafaa.lib.  
600 0 0 |a Zēnōn,  |c ho Agreophōntos,‪  |d -approximately 238 B.C.  |x  Archives.  |9 42668 
650 0 |a Food supply  |z Egypt  |x History  |v Sources. 
650 0 |a Grain trade  |z Egypt  |x History  |v Sources. 
650 0 |a Rationing  |z Egypt  |x History  |v Sources.  |9 7525 
830 0 |a Papyrologica Bruxellensia ;   |v 3. 
830 0 |a PapBrux ;   |v 3. 
901 |a reviewed 
942 |c BK  |2 lcc 
999 |c 13986  |d 13986